00561nam a2200181Ia 4500003000900000008004100009020001800050040001600068080001700084245007500101260005000176300001500226650004100241650002500282650001500307700003000322700002700352IN-BaIIA211028s9999 xx 000 0 eng d a0-88318-162-2 cIIA Library a524.352bSUP 0aSupernovae spectracedited by Roland Meyerott and George H. Gillespie. aNew YorkbAmerican Institute of Physicsc1980 avii, 173p. aAstronomy and astrophysics thesaurus aSpectra - supernovae aSupernovae aGillespie, George H., ed. aMeyerott, Roland., ed.